000 00610nam a2200193 i 4500
001 130737
003 ES-MaACL
005 20230906193828.0
007 t|
008 070807s1932 fr ||||1| fre d
080 _a811.133.1'36
100 1 _aBaudry de Saunier, Louis.
_9103988
245 1 0 _aGaîtés et tristesses de la grammaire de l'Académie française /
_cBaudry de Saunier.
260 _aParis :
_bFlammarion,
_c[1932]
300 _a198 p. ;
_c19 cm.
500 _aBiblioteca Jacinto Martínez Lacalle.
650 1 4 _aLengua francesa-
_xGramática.
_914220
852 _aES-MaACL
_jE-11917
_bR.139853
999 _c130737
_d130737